Capitals and Largest Cities of Armenia - Statistics

General Stats
  • This quiz has been taken 12 times
  • The average score is 5 of 12
Answer Stats
Province Capital City % Correct
Armavir Armavir
100%
Shirak Gyumri
75%
Kotayk Hrazdan
50%
Syunik Kapan
50%
Ararat Artashat
38%
Aragatsotn Ashtarak
38%
Tavush Ijevan
38%
Armavir Vagharshapat
38%
Lori Vanadzor
38%
Kotayk Abovyan
25%
Gegharkunik Gavar
25%
Vayots Dzor Yeghegnadzor
25%
No matching quizzes found
Score Distribution
Percent of People with Each Score
Percentile by Number Answered
Your Score History
You have not taken this quiz